Responses for show #3672 - Tuesday, July 18, 2000

Tad Carithers game 3.

Contestants

Jonathan Earle, a college teacher from Lawrence, Kansas

Diana Hechler, a tour operator from Larchmont, New York

Tad Carithers, an attorney from Atlanta, Georgia (whose 2-day cash winnings total $25,600)

Jeopardy! Round responses

FAMOUS NAMES
CLASSIC SITCOM EPISODES
(Alex: You have to identify the sitcom.)
SCIENTISTS
HODGEPODGE
WORST OF THE FIRSTS
5 LETTER WORDS
(Alex: Each correct response will not contain five letters; these are clues about letters, like mail.)
    $100 6
Saddam Hussein

Tad
    $100 1
Leave It to Beaver

Tad
    $100 16
Marie Curie

Jonathan
    $100 7
(Diana: What is baseball?)

golf

DianaJonathan
    $100 21
World War I

Diana
    $100 13
(Tad: What is an alias?)

a cover letter

TadDiana
    $200 8
H.J. Heinz

Tad
    $200 2
The Brady Bunch

Jonathan
    $200 17
Edmond Halley

Diana
    $200 9
rosary

Diana
    $200 22
New York City

Tad
    $200 14
a condolence letter

Jonathan
    $300 10
Cole Porter

Jonathan
    $300 3
My Favorite Martian

Tad
    $300 18
Enrico Fermi

Diana
    $300 26
(Tad: What is 30?)
(Diana: What is 300?)

3

TadDianaJonathan
    $300 23
Plymouth, Massachusetts

Jonathan
    $300 15
a date

Triple Stumper
    $400 11
(Jonathan: Who is Hoover?)

F.L. Maytag

Jonathan
Triple Stumper
    $400 4
Hogan's Heroes

Tad
    $400 19
Stephen Hawking

Diana
    $400 27
Asia & Europe

Tad
    $400 24
smallpox

Jonathan
    $400 29
a closing

Tad
    $500 12
Pat Paulsen

Diana
    $500 5
The Partridge Family

Jonathan
    $500 20
Ceres

Tad
    $500 28
Constitutional Convention

Jonathan
    $500 25
Andersonville

Jonathan
    $500 30
(Tad: What are codes?)

plus-fours

Tad
Triple Stumper

Scores at the first commercial break (after clue 15):

Tad Diana Jonathan
$1,000 $700 $900

Scores at the end of the Jeopardy! Round:

Tad Diana Jonathan
$1,700 $1,400 $3,000

Double Jeopardy! Round responses

BIBLICAL GEOGRAPHY
COLLEGES & UNIVERSITIES
CHARACTER ACTORS
NATIONAL NAMES
(Alex: You have to give each country's English name for us.)
CLINICALLY DEPRESSED
5-LETTER WORDS
    $200 26
Bethlehem

Tad
    $200 11
William and Mary

Jonathan
    $200 16
Pollyanna

Diana
    $200 1
Russia

Tad
    $200 25
Abraham Lincoln

Tad
    $200 6
touch

Tad
    $400 27
Mount Sinai

Tad
    $400 12
Georgetown

Tad
    $400 17
[Image or clip was from Family Affair.]

Brian Keith

Triple Stumper
    $400 2
Czech Republic

Jonathan
    $400 24
Winston Churchill

Tad
    $400 7
(Diana: What is mouth?)
(Alex: We'll accept that!)

cheek

TadDiana
    $600 23
Gaza

Triple Stumper
    $600 13
Columbia

Diana
    $600 18
(Tad: What is Boys Town?)
...
(Alex: He won for Best Supporting Actor.)

Going My Way

Tad
Triple Stumper
    $600 3
Cambodia

Diana
    $600 28
[The end-of-round signal sounds.]

Vincent van Gogh

Tad
    $600 8
"Misty" (Play Misty for Me)

Diana
    $800 21
(Jonathan: What is Cairo?)

Thebes

DianaJonathan
    $800 14
Johns Hopkins

Tad
    $800 19
(Diana: Who is Drew Barrymore?)
(Jonathan: Who is Bridget Fonda?)

Joan Cusack

DianaJonathan
Triple Stumper
    $800 4
Hungary

Tad
    $800 9
dummy

Tad
    $1,500 22
(Alex: Less than a minute to go.)

Arimathea

Diana
    $1,000 15
Bowdoin College

Tad
    $1000 20
Marty Feldman

Jonathan
    $1000 5
(Alex: And I'm glad we're done with that category!)

Sweden

Diana
    $1000 10
sunny

Tad

Scores at the end of the Double Jeopardy! Round:

Tad Diana Jonathan
$8,500 $6,300 $3,000

[wagering suggestions for these scores]

Final Jeopardy! Round responses

FICTIONAL CHARACTERS
JonathanWho Isaac Asimov?
$1,101
DianaWho is Kurt Vonnegut?
$6,000
TadWho is Kurt Vonnegut?
$4,200
Kurt Vonnegut, Jr.

Final scores:

Tad Diana Jonathan
$12,700 $12,300 $1,899
3-day champion: $38,300 2nd place: a MyPoints.com gift certificate 3rd place: a pair of Samsung TV/VCR combos

Game dynamics:

Coryat scores:

Tad Diana Jonathan
$8,500 $5,800 $3,000
23 R
(including 1 DD),
4 W
15 R
(including 2 DDs),
3 W
14 R,
3 W

Combined Coryat: $17,300

The J! Archive is created by fans, for fans. The Jeopardy! game show and all elements thereof, including but not limited to copyright and trademark thereto, are the property of Jeopardy Productions, Inc. and are protected under law. This website is not affiliated with, sponsored by, or operated by Jeopardy Productions, Inc. Join the discussion at JBoard.tv.